La economía irracional : (Registro nro. 22046)
[ vista simple ]
| 000 -Cabecera | |
|---|---|
| Campo de control interno | 01072nam a2200277Ia 4500 |
| 005 - Fecha y hora del registro | |
| control field | 20260320113337.0 |
| 008 - Elementos de Longitud Fija | |
| fixed length control field | 260320s9999||||xx |||||||||||||| ||und|| |
| 020 ## - ISBN | |
| ISBN | 9798777912176 |
| 041 ## - Idioma | |
| Codigo Idioma | ESP |
| 082 ## - DEWEY y NOTACIÓN INTERNA | |
| Dewey | 330.1 |
| Notación Interna | U73 |
| 100 ## - AUTOR | |
| Autor denominación | Urbina, Dante A., |
| Término de relación | autor |
| 245 #0 - TÍTULO DE MATERIAL BIBLIOGRÁFICO | |
| Título | La economía irracional : |
| Título paralelo | de cómo nos manipula el sistema económico |
| 246 ## - TÍTULO TRADUCIDO | |
| Título | |
| Título paralelo | |
| Autor | |
| 250 ## - EDICIÓN | |
| Edición | Primera edición |
| 260 ## - CIUDAD, EDITORIAL, AÑO | |
| Ciudad | Seattle (US) : |
| Nombre de la Editorial | Ed, Kindle Direct Publishing, |
| Año | 2021 |
| 300 ## - DESCRIPCIÓN | |
| N° Páginas | 229 páginas : |
| Otros detalles | fotografías ; |
| Dimensiones | 23 cm. |
| Material Adicional | |
| 440 ## - MENCIÓN DE SERIE | |
| Título de la Serie | |
| Número de Serie | |
| Volumen de Serie | |
| 500 ## - NOTA GENERAL | |
| Nota General | En la portada : Un profundo análisis que muestra el contexto, funcionamiento y consecuencias del sistema de producción de necesidades. - Made in the USA Monee, IL 12 November 2023 |
| 650 ## - TEMAS | |
| Temas | Ciencias Sociales |
| 653 ## - DESCRIPTORES | |
| Lenguajes no controlado | Economía; Sistema económico |
| 654 ## - PROGRAMAS | |
| Programa | Dpto. de Administración de Negocios |
| 700 ## - OTROS AUTORES | |
| Otros autores | |
| Títulos y otras palabras asociadas con el nombre | |
| 856 ## - URL - UBICACIÓN | |
| URI/URL: Enlace exacto del recurso | <a href="https://0u20vo862-y-https-ebookcentral-proquest-com.itmsp.museknowledge.com/lib/catolicasp/home.action">https://0u20vo862-y-https-ebookcentral-proquest-com.itmsp.museknowledge.com/lib/catolicasp/home.action</a> |
| Nota pública: Versión digital | <a href="Véase además: Base de datos ProQuest Ebook Central">Véase además: Base de datos ProQuest Ebook Central</a> |
| 942 ## - ELEMENTOS DE KOHA | |
| Tipo de documento | Libro |
| Nombre del creador | Justo Noguera |
| Código de catalogador | Margarita Torres |
| Esquema de clasificación | Dewey Decimal Classification |
| Suppress in OPAC | |
| Codigo completo | Registro | Colección | Copia número | Disponibilidad | Tipo de préstamo | Biblioteca Actual | Procedencia (Biblioteca) | Ubicacón | Fecha Ingreso | Tipo de Adquisición | Observación | Date last seen | Total checkouts | Price effective from | Tipo de Item | Estado del Material | Fuente de Clasificación | Damaged status | Withdrawn status |
|---|---|---|---|---|---|---|---|---|---|---|---|---|---|---|---|---|---|---|---|
| 330.1 U73 | 1087399 | Universidad Católica San Pablo | 2 | Disponible | Disponible | Víctor Andrés Belaunde | Víctor Andrés Belaunde | Planta baja abierta | 10/03/2026 | Compra | Administración de Negocios | 20/03/2026 | 20/03/2026 | Libro | Bueno | Dewey Decimal Classification |




